América Latina / (Record no. 140650)

MARC details
000 -LEADER
campo de control de longitud fija 00742nam a2200217 4500
001 - NÚMERO DE CONTROL
campo de control 140650
003 - IDENTIFICADOR DE NÚMERO DE CONTROL
campo de control ES-MaACL
005 - FECHA Y HORA DE LA ÚLTIMA TRANSACCIÓN
campo de control 20250815050911.0
007 - CAMPO FIJO DE DESCRIPCIÓN FÍSICA--INFORMACIÓN GENERAL
campo de control de longitud fija t|
008 - DATOS DE LONGITUD FIJA--INFORMACIÓN GENERAL
campo de control de longitud fija 070214s1978 sp r ||||1| spa d
100 1# - ENTRADA PRINCIPAL--NOMBRE DE PERSONA
Nombre de persona Sejourné, Laurette.
9 (RLIN) 105278
245 10 - MENCIÓN DEL TÍTULO
Título América Latina /
Mención de responsabilidad, etc. Laurette Sejourné ; [traductora Josefina Oliva de Coll].
Número de parte o sección de la obra , . I,
Nombre de parte o sección de la obra Antiguas culturas precolombinas.
250 ## - MENCION DE EDICION
Mención de edición 9ª ed.
260 ## - PUBLICACIÓN, DISTRIBUCIÓN, ETC.
Lugar de publicación, distribución, etc. Madrid :
Nombre del editor, distribuidor, etc. Siglo XXI,
Fecha de publicación, distribución, etc. 1978 (
Fabricante Closas-Orcoyen)
300 ## - DESCRIPCIÓN FÍSICA
Extensión VII, 331 p. ;
Dimensiones 18 cm.
490 1# - MENCIÓN DE SERIE
Mención de serie Historia Universal (Siglo XXI) ;
Designación de volumen o secuencia 21
700 1# - ENTRADA AGREGADA--NOMBRE PERSONAL
Nombre de persona Oliva de Coll, Josefina.
9 (RLIN) 86736
830 00 - PUNTO DE ACCESO ADICIONAL DE SERIE-TÍTULO UNIFORME
Título uniforme Historia universal (Siglo XXI)
Designación de volumen o secuencia 21
9 (RLIN) 181446
852 ## - LOCALIZACIÓN
Ubicación ES-MaACL
Número de control de estantería A-9343
Sublocalización o colección R.98451
Holdings
Estatus retirado Estado de pérdida Estado de daño No para préstamo Biblioteca de origen Biblioteca actual Ubicación en estantería Fecha de adquisición Fuente de adquisición Total de préstamos Signatura topográfica completa Código de barras Visto por última vez Precio de reemplazo Tipo de ítem Koha
        Biblioteca del Ateneo de Madrid Biblioteca del Ateneo de Madrid Depósito 1 17/01/2008     A-9343 1146362 23/02/2023 23/02/2023 Libro impreso